| 000 | 00855cam a2200301 i 4500 | ||
|---|---|---|---|
| 001 | 106764 | ||
| 005 | 20230410123954.0 | ||
| 008 | 120425b2006 ag a 000 0 spa | ||
| 020 | _a9508084952 | ||
| 020 | _a9789508084958 | ||
| 041 | 0 | _aspa | |
| 050 | 1 | 4 |
_aLB 14.7 _bN583r 2006 |
| 082 | 0 | 0 | _a370.1 |
| 100 | 1 | _aNicastro, Sandra. | |
| 245 | 1 | 0 |
_aRevisitar la mirada sobre la escuela : _bexploraciones acerca de lo ya sabido / _cSandra Nicastro. |
| 260 |
_aRosario : _bHomo Sapiens Ediciones, _c2006 |
||
| 300 |
_a179 p. : _c23 cm. |
||
| 504 | _aIncluye bibliografía e Indice. | ||
| 650 | 0 |
_aEducation _xPhilosophy. |
|
| 650 | 0 | _aEducation, Elementary. | |
| 650 | 0 | _aSchools. | |
| 650 | 4 | _aFilosofía de la educación. | |
| 650 | 4 | _aEducación primaria. | |
| 650 | 4 | _aEscuelas. | |
| 650 | 4 | _a20150300 | |
| 942 |
_2lcc _cbk |
||
| 946 | _aSH | ||
| 999 |
_c68960 _d68960 |
||